000
00298nam a22001337a 4500
008
171228b xxu||||| |||| 00| 0 eng d
020
_a
bk22404799
041
_a
eng
080
_a
91
100
_a
42
101
_a
GJEO
245
_a
STUDENT ATLAS OF THE WORLD
_c
WASHINGTON,D.C
942
_2
udc
_c
BK
999
_c
39561
_d
39561